Využívání výpočetní techniky v obchodních domech PRIOR záverečná práca postgraduálneho štúdia
Na minha lista:
| Autor principal: | |
|---|---|
| Autor Corporativo: | |
| Outros Autores: | |
| Formato: | Livro |
| Idioma: | tcheco |
| Publicado em: |
Bratislava
1987
|
| Tags: |
Sem tags, seja o primeiro a adicionar uma tag!
|
MARC
| LEADER | 00000nam a2200000 4500 | ||
|---|---|---|---|
| 001 | c024413 | ||
| 005 | 20260108080147.0 | ||
| 041 | 0 | |a cze | |
| 044 | |a SK | ||
| 245 | 1 | 0 | |a Využívání výpočetní techniky v obchodních domech PRIOR |b záverečná práca postgraduálneho štúdia |c František Nešetřil ; Ved. práce Kornélia Richterová |
| 264 | 1 | |a Bratislava |c 1987 | |
| 300 | |a 38 s. | ||
| 100 | 1 | |a Nešetřil, František | |
| 700 | 1 | |a Richterová, Kornélia | |
| 710 | 2 | |a Vysoká škola ekonomická v Bratislave | |